01019nam a22002537a 450000500170000001000130001702000220003003500130005203700160006504000120008108200130009310000440010624501080015026000360025827000870029430000210038150000410040265000520044365000210049570000230051694200220053999900190056195201850058020170124105931.0 aA-792838 c00.00a8171548326 aA-792838 bCen Lib/Ret aDPLbEN a230bJOS aJoshi, Tarkeerath Laxmanshastri9111398 aCritique of Hinduisim and other religions /cby Tarkeerath Laxmanshastri Joshi; translated by Suman Oak aBombaybPopular Prakashanc1996 a35-C, Pandit Madan Mohan Malaviya Marg Popular Press Bldg., TardeobBombaye400034 axvi;205p. c21cm aIncludes bibliographical references. a Hinduism -- Controversial literature. 9111399 aHinduism9111400 aOak, Suman 935064 2ddccENh230mJOS c123846d123846 04104070aLbLd2015-06-12eCen Lib/Retg0.00l0o230 JOSpA-792838r2015-06-12 00:00:00t1v0.00w2016-09-15yENzWritten off on approval by DLB (By Circulation); dtd 15-06-2023